[Event "DEM U16 2024"]
[Site "Willingen GER"]
[Date "2024.05.19"]
[Round "1"]
[White "Deschler, Arne"]
[Black "Haubold, Sebastian"]
[Result "1/2-1/2"]
[Termination "normal"]
[Board "6"]
[WhiteElo "1989"]
[BlackElo "2127"]
[WhiteClock "00:23:36"]
[BlackClock "00:21:30"]
[PlyCount "63"]
[WhiteFideId "16274415"]
[BlackFideId "16259637"]
[EventCountry "GER"]
[EventRounds "9"]
[EventType "swiss"]
[EventDate "2024.05.18"]

1. e4 {[%clk 01:30:59]} e5 {[%clk 01:30:42]} {[%emt 00:00:18]} 2. Nf3 {[%clk
01:31:22]} {[%emt 00:00:07]} Nc6 {[%clk 01:30:54]} {[%emt 00:00:18]} 3. Nc3
{[%clk 01:31:49]} {[%emt 00:00:03]} Nf6 {[%clk 01:31:06]} {[%emt 00:00:18]} 4.
d4 {[%clk 01:32:15]} {[%emt 00:00:05]} exd4 {[%clk 01:31:30]} {[%emt 00:00:06]}
5. Nxd4 {[%clk 01:32:43]} {[%emt 00:00:02]} Bb4 {[%clk 01:31:35]} {[%emt
00:00:25]} 6. Nxc6 {[%clk 01:33:11]} {[%emt 00:00:03]} bxc6 {[%clk 01:31:39]}
{[%emt 00:00:26]} 7. Bd3 {[%clk 01:33:35]} {[%emt 00:00:06]} O-O {[%clk
01:31:48]} {[%emt 00:00:21]} 8. O-O {[%clk 01:34:01]} {[%emt 00:00:04]} d5
{[%clk 01:32:12]} {[%emt 00:00:07]} 9. exd5 {[%clk 01:34:29]} {[%emt 00:00:03]}
cxd5 {[%clk 01:32:11]} {[%emt 00:00:31]} 10. h3 {[%clk 01:34:44]} {[%emt
00:00:14]} c6 {[%clk 01:32:00]} {[%emt 00:00:41]} 11. Qf3 {[%clk 01:35:03]}
{[%emt 00:00:11]} Re8 {[%clk 01:30:55]} {[%emt 00:01:35]} 12. Bf4 {[%clk
01:32:54]} {[%emt 00:02:38]} Bd6 {[%clk 01:31:02]} {[%emt 00:00:25]} 13. Rad1
{[%clk 01:30:55]} {[%emt 00:02:27]} Be6 {[%clk 01:17:39]} {[%emt 00:13:54]} 14.
Rfe1 {[%clk 01:24:07]} {[%emt 00:07:18]} Rb8 {[%clk 01:12:34]} {[%emt
00:05:35]} 15. b3 {[%clk 01:23:42]} {[%emt 00:00:56]} Bxf4 {[%clk 01:06:19]}
{[%emt 00:06:45]} 16. Qxf4 {[%clk 01:24:09]} {[%emt 00:00:03]} Qa5 {[%clk
01:06:40]} {[%emt 00:00:09]} 17. Qd2 {[%clk 01:08:54]} {[%emt 00:15:45]} Qc7
{[%clk 00:54:34]} {[%emt 00:12:35]} 18. Ne2 {[%clk 00:58:02]} {[%emt 00:11:23]}
c5 {[%clk 00:45:08]} {[%emt 00:09:56]} 19. c3 {[%clk 00:48:45]} {[%emt
00:09:48]} a5 {[%clk 00:37:39]} {[%emt 00:07:58]} 20. Qf4 {[%clk 00:43:04]}
{[%emt 00:06:11]} Qxf4 {[%clk 00:33:11]} {[%emt 00:04:58]} 21. Nxf4 {[%clk
00:43:33]} {[%emt 00:00:01]} g5 {[%clk 00:30:55]} {[%emt 00:02:46]} 22. Nxe6
{[%clk 00:42:28]} {[%emt 00:01:35]} fxe6 {[%clk 00:31:11]} {[%emt 00:00:14]}
23. Re5 {[%clk 00:40:26]} {[%emt 00:02:32]} h6 {[%clk 00:31:21]} {[%emt
00:00:20]} 24. Bg6 {[%clk 00:38:16]} {[%emt 00:02:39]} Re7 {[%clk 00:28:27]}
{[%emt 00:03:24]} 25. Rde1 {[%clk 00:37:08]} {[%emt 00:01:38]} Rb6 {[%clk
00:28:25]} {[%emt 00:00:31]} 26. c4 {[%clk 00:33:48]} {[%emt 00:03:51]} dxc4
{[%clk 00:22:56]} {[%emt 00:05:59]} 27. Rxc5 {[%clk 00:32:01]} {[%emt
00:02:17]} cxb3 {[%clk 00:23:16]} {[%emt 00:00:09]} 28. axb3 {[%clk 00:31:29]}
{[%emt 00:01:03]} Rxb3 {[%clk 00:22:55]} {[%emt 00:00:51]} 29. Rxa5 {[%clk
00:30:10]} {[%emt 00:01:49]} Kg7 {[%clk 00:22:02]} {[%emt 00:01:23]} 30. Bf5
{[%clk 00:26:21]} {[%emt 00:04:15]} Rb6 {[%clk 00:21:21]} {[%emt 00:01:16]} 31.
Rae5 {[%clk 00:25:33]} {[%emt 00:01:17]} Kf7 {[%clk 00:21:30]} {[%emt
00:00:21]} 32. g3 {[%clk 00:23:36]} {[%emt 00:02:26]} 1/2-1/2

[Event "DEM U16 2024"]
[Site "Willingen GER"]
[Date "2024.05.19"]
[Round "1"]
[White "Semling, Julius"]
[Black "Mader, Fabian"]
[Result "1-0"]
[Termination "normal"]
[Board "7"]
[WhiteElo "2204"]
[BlackElo "1984"]
[WhiteClock "00:01:29"]
[BlackClock "00:05:43"]
[PlyCount "57"]
[WhiteFideId "16290160"]
[BlackFideId "16265866"]
[EventCountry "GER"]
[EventRounds "9"]
[EventType "swiss"]
[EventDate "2024.05.18"]

1. e4 {[%clk 01:30:59]} {[%emt 00:00:01]} c5 {[%clk 01:30:54]} {[%emt
00:00:07]} 2. Nf3 {[%clk 01:31:20]} {[%emt 00:00:08]} Nc6 {[%clk 01:31:15]}
{[%emt 00:00:08]} 3. Bb5 {[%clk 01:31:34]} {[%emt 00:00:16]} g6 {[%clk
01:31:10]} {[%emt 00:00:35]} 4. Bxc6 {[%clk 01:31:36]} {[%emt 00:00:29]} bxc6
{[%clk 01:31:17]} {[%emt 00:00:23]} 5. d4 {[%clk 01:31:01]} {[%emt 00:01:05]}
Bg7 {[%clk 01:29:02]} {[%emt 00:02:45]} 6. dxc5 {[%clk 01:30:32]} {[%emt
00:00:59]} Qa5+ {[%clk 01:28:37]} {[%emt 00:00:55]} 7. Nbd2 {[%clk 01:29:19]}
{[%emt 00:01:43]} Ba6 {[%clk 01:26:14]} {[%emt 00:02:53]} 8. Rb1 {[%clk
01:25:34]} {[%emt 00:04:15]} Qxc5 {[%clk 01:17:40]} {[%emt 00:09:04]} 9. c4
{[%clk 01:10:23]} {[%emt 00:15:41]} Qa5 {[%clk 01:04:44]} {[%emt 00:13:27]} 10.
b4 {[%clk 00:58:16]} {[%emt 00:12:36]} Qxa2 {[%clk 00:56:02]} {[%emt 00:09:12]}
11. Rb3 {[%clk 00:54:43]} {[%emt 00:04:02]} Qa4 {[%clk 00:53:02]} {[%emt
00:03:31]} 12. Qc2 {[%clk 00:35:40]} {[%emt 00:19:31]} Bc8 {[%clk 00:41:50]}
{[%emt 00:11:43]} 13. Bb2 {[%clk 00:30:42]} {[%emt 00:05:28]} Nf6 {[%clk
00:38:03]} {[%emt 00:04:17]} 14. O-O {[%clk 00:26:59]} {[%emt 00:04:13]} Qa6
{[%clk 00:35:51]} {[%emt 00:02:42]} 15. e5 {[%clk 00:22:38]} {[%emt 00:04:51]}
Ng4 {[%clk 00:32:26]} {[%emt 00:03:56]} 16. b5 {[%clk 00:12:48]} {[%emt
00:10:20]} Qb7 {[%clk 00:27:47]} {[%emt 00:05:09]} 17. bxc6 {[%clk 00:10:42]}
{[%emt 00:02:36]} Qxc6 {[%clk 00:28:08]} {[%emt 00:00:07]} 18. Nd4 {[%clk
00:10:17]} {[%emt 00:00:55]} Qc7 {[%clk 00:27:32]} {[%emt 00:01:06]} 19. Qe4
{[%clk 00:08:57]} {[%emt 00:01:50]} d5 {[%clk 00:20:31]} {[%emt 00:07:32]} 20.
Qxd5 {[%clk 00:08:03]} {[%emt 00:01:24]} Rb8 {[%clk 00:17:12]} {[%emt
00:03:49]} 21. Nb5 {[%clk 00:06:40]} {[%emt 00:01:53]} Qd8 {[%clk 00:11:25]}
{[%emt 00:06:16]} 22. Nd6+ {[%clk 00:02:28]} {[%emt 00:04:42]} exd6 {[%clk
00:11:27]} {[%emt 00:00:29]} 23. Rxb8 {[%clk 00:02:47]} {[%emt 00:00:11]} O-O
{[%clk 00:10:39]} {[%emt 00:01:17]} 24. exd6 {[%clk 00:02:03]} {[%emt
00:01:15]} Bxb2 {[%clk 00:08:32]} {[%emt 00:02:37]} 25. Rxb2 {[%clk 00:02:30]}
{[%emt 00:00:03]} Be6 {[%clk 00:08:50]} {[%emt 00:00:13]} 26. Qd4 {[%clk
00:02:05]} {[%emt 00:00:54]} Qg5 {[%clk 00:05:44]} {[%emt 00:03:37]} 27. Nf3
{[%clk 00:01:26]} {[%emt 00:01:09]} Qh5 {[%clk 00:06:07]} {[%emt 00:00:06]} 28.
Rb5 {[%clk 00:01:13]} {[%emt 00:00:43]} Qh6 {[%clk 00:05:43]} {[%emt 00:00:56]}
29. h3 {[%clk 00:01:29]} {[%emt 00:00:13]} 1-0

[Event "DEM U16 2024"]
[Site "Willingen GER"]
[Date "2024.05.19"]
[Round "1"]
[White "Mester, Philipp"]
[Black "Bräutigam, Alexander"]
[Result "1/2-1/2"]
[Termination "normal"]
[Board "8"]
[WhiteElo "1975"]
[BlackElo "2134"]
[WhiteClock "00:27:59"]
[BlackClock "00:01:29"]
[PlyCount "74"]
[WhiteFideId "34624902"]
[BlackFideId "16245210"]
[EventCountry "GER"]
[EventRounds "9"]
[EventType "swiss"]
[EventDate "2024.05.18"]

1. d4 {[%clk 01:30:58]} {[%emt 00:00:02]} Nf6 {[%clk 01:30:56]} {[%emt
00:00:05]} 2. c4 {[%clk 01:31:24]} {[%emt 00:00:04]} e6 {[%clk 01:31:20]}
{[%emt 00:00:05]} 3. Nc3 {[%clk 01:31:50]} {[%emt 00:00:05]} d5 {[%clk
01:31:46]} {[%emt 00:00:04]} 4. cxd5 {[%emt 00:00:13]} exd5 {[%clk 01:32:10]}
{[%emt 00:00:02]} 5. Bg5 {[%clk 01:32:34]} {[%emt 00:00:08]} Be7 {[%clk
01:32:34]} {[%emt 00:00:06]} 6. e3 {[%clk 01:32:58]} {[%emt 00:00:06]} O-O
{[%clk 01:32:57]} {[%emt 00:00:06]} 7. Bd3 {[%clk 01:33:22]} {[%emt 00:00:07]}
h6 {[%clk 01:33:18]} {[%emt 00:00:10]} 8. Bh4 {[%clk 01:33:36]} {[%emt
00:00:15]} c6 {[%clk 01:33:39]} {[%emt 00:00:09]} 9. h3 {[%clk 01:31:24]}
{[%emt 00:02:43]} Ne4 {[%clk 01:26:55]} {[%emt 00:07:14]} 10. Bxe7 {[%clk
01:30:08]} {[%emt 00:01:46]} Qxe7 {[%clk 01:27:06]} {[%emt 00:00:19]} 11. Qc2
{[%clk 01:27:35]} {[%emt 00:03:03]} Re8 {[%clk 01:24:25]} {[%emt 00:03:11]} 12.
Nf3 {[%emt 00:11:27]} Bf5 {[%clk 01:09:41]} {[%emt 00:06:03]} 13. O-O {[%clk
01:24:34]} {[%emt 00:01:45]} Nd7 {[%emt 00:04:35]} 14. a3 {[%clk 01:21:03]} g5
{[%clk 00:46:26]} {[%emt 00:23:40]} 15. Nd2 {[%clk 01:06:55]} {[%emt 00:14:38]}
Ndf6 {[%clk 00:41:58]} {[%emt 00:04:58]} 16. Rae1 {[%clk 00:59:30]} {[%emt
00:07:55]} Rad8 {[%clk 00:31:31]} {[%emt 00:10:57]} 17. f3 {[%clk 00:55:59]}
{[%emt 00:04:01]} Nxd2 {[%clk 00:30:25]} {[%emt 00:01:36]} 18. Qxd2 {[%clk
00:55:04]} {[%emt 00:01:24]} Bxd3 {[%clk 00:30:41]} {[%emt 00:00:15]} 19. Qxd3
{[%clk 00:55:29]} {[%emt 00:00:05]} c5 {[%clk 00:23:56]} {[%emt 00:07:15]} 20.
dxc5 {[%clk 00:54:46]} {[%emt 00:01:13]} Qxc5 {[%clk 00:21:12]} {[%emt
00:03:13]} 21. Qd4 {[%clk 00:48:32]} {[%emt 00:06:44]} Qxd4 {[%clk 00:18:28]}
{[%emt 00:03:15]} 22. exd4 {[%clk 00:47:51]} {[%emt 00:01:11]} Kf8 {[%clk
00:17:48]} {[%emt 00:01:10]} 23. Kf2 {[%clk 00:47:54]} {[%emt 00:00:27]} Re6
{[%clk 00:12:32]} {[%emt 00:05:46]} 24. Re2 {[%clk 00:45:19]} {[%emt 00:03:06]}
Rxe2+ {[%clk 00:11:59]} {[%emt 00:01:03]} 25. Nxe2 {[%clk 00:45:39]} {[%emt
00:00:09]} Nh5 {[%clk 00:08:35]} {[%emt 00:03:54]} 26. Rc1 {[%clk 00:45:32]}
{[%emt 00:00:38]} Ke7 {[%clk 00:07:48]} {[%emt 00:01:17]} 27. g4 {[%clk
00:43:54]} {[%emt 00:02:08]} Ng7 {[%clk 00:06:36]} {[%emt 00:01:43]} 28. Rc7+
{[%clk 00:41:41]} {[%emt 00:02:43]} Rd7 {[%clk 00:07:01]} {[%emt 00:00:06]} 29.
Rxd7+ {[%clk 00:41:58]} {[%emt 00:00:12]} Kxd7 {[%clk 00:07:25]} {[%emt
00:00:06]} 30. Ng3 {[%clk 00:41:50]} {[%emt 00:00:38]} Ke6 {[%clk 00:07:04]}
{[%emt 00:00:50]} 31. Ke3 {[%clk 00:41:55]} {[%emt 00:00:24]} f5 {[%clk
00:07:14]} {[%emt 00:00:21]} 32. f4 {[%clk 00:42:13]} {[%emt 00:00:12]} Kf6
{[%clk 00:05:20]} {[%emt 00:02:25]} 33. Ne2 {[%clk 00:36:16]} {[%emt 00:06:27]}
Ne6 {[%clk 00:04:29]} {[%emt 00:01:21]} 34. b3 {[%clk 00:33:20]} {[%emt
00:03:26]} a6 {[%clk 00:02:03]} {[%emt 00:02:57]} 35. gxf5 {[%clk 00:30:56]}
{[%emt 00:02:53]} Kxf5 {[%clk 00:01:34]} {[%emt 00:00:59]} 36. fxg5 {[%clk
00:31:09]} {[%emt 00:00:17]} hxg5 {[%clk 00:01:38]} {[%emt 00:00:25]} 37. b4
{[%clk 00:27:59]} {[%emt 00:03:40]} b5 {[%clk 00:01:29]} {[%emt 00:00:40]}
1/2-1/2

[Event "DEM U16 2024"]
[Site "Willingen GER"]
[Date "2024.05.19"]
[Round "1"]
[White "Strehse, Nelson"]
[Black "Krüger, Arthur"]
[Result "1-0"]
[Termination "normal"]
[Board "9"]
[WhiteElo "2156"]
[BlackElo "1958"]
[WhiteClock "00:19:11"]
[BlackClock "00:00:35"]
[PlyCount "57"]
[WhiteFideId "16228898"]
[BlackFideId "16244966"]
[EventCountry "GER"]
[EventRounds "9"]
[EventType "swiss"]
[EventDate "2024.05.18"]

1. e4 {[%clk 01:30:50]} {[%emt 00:00:08]} e6 {[%clk 01:30:57]} {[%emt
00:00:05]} 2. d4 {[%clk 01:31:13]} {[%emt 00:00:07]} d5 {[%clk 01:31:23]}
{[%emt 00:00:04]} 3. Nd2 {[%clk 01:31:34]} {[%emt 00:00:08]} dxe4 {[%clk
01:31:37]} {[%emt 00:00:17]} 4. Nxe4 {[%clk 01:31:55]} {[%emt 00:00:08]} Nd7
{[%clk 01:32:04]} {[%emt 00:00:04]} 5. Nf3 {[%clk 01:29:54]} {[%emt 00:02:31]}
Ngf6 {[%clk 01:31:38]} {[%emt 00:00:56]} 6. Nxf6+ {[%clk 01:29:26]} {[%emt
00:00:58]} Nxf6 {[%clk 01:31:16]} {[%emt 00:00:51]} 7. g3 {[%clk 01:29:12]}
{[%emt 00:00:43]} c5 {[%clk 01:26:54]} {[%emt 00:04:53]} 8. Bg2 {[%clk
01:28:32]} {[%emt 00:01:10]} cxd4 {[%clk 01:23:18]} {[%emt 00:04:08]} 9. Qxd4
{[%clk 01:26:14]} {[%emt 00:02:46]} Qxd4 {[%clk 01:15:48]} {[%emt 00:08:01]}
10. Nxd4 {[%clk 01:26:41]} {[%emt 00:00:02]} a6 {[%clk 01:08:51]} {[%emt
00:07:27]} 11. O-O {[%clk 01:23:22]} {[%emt 00:03:48]} Bc5 {[%clk 01:05:15]}
{[%emt 00:04:07]} 12. Nb3 {[%clk 01:22:02]} {[%emt 00:01:50]} Bb6 {[%clk
00:55:06]} {[%emt 00:10:40]} 13. c4 {[%clk 01:17:59]} {[%emt 00:04:33]} Bc7
{[%clk 00:49:34]} {[%emt 00:06:01]} 14. Be3 {[%clk 01:13:32]} {[%emt 00:04:56]}
O-O {[%clk 00:49:07]} {[%emt 00:00:56]} 15. Rfd1 {[%clk 01:12:50]} {[%emt
00:01:13]} Rb8 {[%clk 00:29:14]} {[%emt 00:20:24]} 16. Ba7 {[%clk 01:03:58]}
{[%emt 00:09:21]} Ra8 {[%clk 00:29:38]} {[%emt 00:00:07]} 17. Bc5 {[%clk
01:03:47]} {[%emt 00:00:39]} Re8 {[%clk 00:28:00]} {[%emt 00:02:10]} 18. Bd6
{[%clk 00:53:35]} {[%emt 00:10:41]} Bxd6 {[%clk 00:27:14]} {[%emt 00:01:18]}
19. Rxd6 {[%clk 00:54:03]} {[%emt 00:00:02]} Rb8 {[%clk 00:22:43]} {[%emt
00:05:01]} 20. f4 {[%clk 00:45:44]} {[%emt 00:08:48]} Re7 {[%clk 00:08:10]}
{[%emt 00:15:03]} 21. Rad1 {[%clk 00:41:33]} {[%emt 00:04:40]} Kf8 {[%clk
00:03:51]} {[%emt 00:04:50]} 22. Na5 {[%clk 00:35:07]} {[%emt 00:06:56]} Rc7
{[%clk 00:02:02]} {[%emt 00:02:19]} 23. Rd8+ {[%clk 00:34:38]} {[%emt
00:00:59]} Ke7 {[%clk 00:02:00]} {[%emt 00:00:33]} 24. Rh8 {[%clk 00:21:32]}
{[%emt 00:13:34]} h6 {[%clk 00:01:13]} {[%emt 00:01:18]} 25. Rdd8 {[%clk
00:21:05]} {[%emt 00:00:56]} Rc5 {[%clk 00:00:36]} {[%emt 00:01:08]} 26. b4
{[%clk 00:21:25]} {[%emt 00:00:10]} Rc7 {[%clk 00:01:00]} {[%emt 00:00:07]} 27.
a3 {[%clk 00:21:27]} {[%emt 00:00:27]} Ng4 {[%clk 00:00:42]} {[%emt 00:00:48]}
28. c5 {[%clk 00:19:02]} {[%emt 00:02:55]} Rd7 {[%clk 00:00:35]} {[%emt
00:00:39]} 29. Rhe8+ {[%clk 00:19:11]} {[%emt 00:00:19]} 1-0

[Event "DEM U16 2024"]
[Site "Willingen GER"]
[Date "2024.05.19"]
[Round "1"]
[White "Wunderlich, Elias"]
[Black "Jahnz, Laurin"]
[Result "1/2-1/2"]
[Termination "normal"]
[Board "10"]
[WhiteElo "2007"]
[BlackElo "2202"]
[WhiteClock "00:11:27"]
[BlackClock "00:21:22"]
[PlyCount "92"]
[WhiteFideId "34608087"]
[BlackFideId "16261089"]
[EventCountry "GER"]
[EventRounds "9"]
[EventType "swiss"]
[EventDate "2024.05.18"]

1. e4 {[%clk 01:30:58]} {[%emt 00:00:01]} c5 {[%clk 01:30:57]} {[%emt
00:00:04]} 2. c3 {[%clk 01:31:24]} {[%emt 00:00:04]} Nf6 {[%clk 01:31:23]}
{[%emt 00:00:04]} 3. e5 {[%clk 01:31:51]} {[%emt 00:00:04]} Nd5 {[%clk
01:31:50]} {[%emt 00:00:02]} 4. Nf3 {[%clk 01:32:16]} {[%emt 00:00:06]} e6
{[%clk 01:32:15]} {[%emt 00:00:05]} 5. d4 {[%clk 01:32:40]} {[%emt 00:00:06]}
cxd4 {[%clk 01:32:40]} {[%emt 00:00:05]} 6. cxd4 {[%clk 01:33:06]} {[%emt
00:00:04]} b6 {[%clk 01:33:04]} {[%emt 00:00:06]} 7. Nc3 {[%clk 01:33:30]}
{[%emt 00:00:06]} Nxc3 {[%clk 01:33:26]} {[%emt 00:00:09]} 8. bxc3 {[%clk
01:33:51]} {[%emt 00:00:09]} Qc7 {[%clk 01:33:52]} {[%emt 00:00:04]} 9. Bd2
{[%clk 01:32:47]} {[%emt 00:01:34]} Be7 {[%clk 01:33:40]} {[%emt 00:00:42]} 10.
Bd3 {[%clk 01:33:02]} {[%emt 00:00:15]} Ba6 {[%clk 01:33:44]} {[%emt 00:00:26]}
11. Be4 {[%clk 01:31:14]} {[%emt 00:02:18]} Bb7 {[%clk 01:28:56]} {[%emt
00:05:18]} 12. Bd3 {[%clk 01:30:32]} {[%emt 00:01:11]} Ba6 {[%clk 01:22:03]}
{[%emt 00:07:24]} 13. Be4 {[%clk 01:30:47]} {[%emt 00:00:15]} Nc6 {[%clk
01:13:46]} {[%emt 00:08:47]} 14. Qa4 {[%clk 01:30:56]} {[%emt 00:00:21]} Bb7
{[%clk 01:12:25]} {[%emt 00:01:51]} 15. O-O {[%clk 01:09:32]} {[%emt 00:21:54]}
d6 {[%clk 01:04:39]} {[%emt 00:08:16]} 16. d5 {[%clk 01:04:55]} {[%emt
00:05:06]} exd5 {[%clk 01:01:54]} {[%emt 00:03:15]} 17. Bxd5 {[%clk 01:05:20]}
{[%emt 00:00:05]} O-O {[%clk 00:58:37]} {[%emt 00:03:48]} 18. e6 {[%clk
01:00:21]} {[%emt 00:05:29]} Nd8 {[%clk 00:41:29]} {[%emt 00:17:38]} 19. exf7+
{[%clk 00:59:05]} {[%emt 00:01:47]} Nxf7 {[%clk 00:41:57]} {[%emt 00:00:02]}
20. c4 {[%clk 00:58:38]} {[%emt 00:00:57]} Bxd5 {[%clk 00:36:22]} {[%emt
00:06:05]} 21. cxd5 {[%clk 00:58:59]} {[%emt 00:00:08]} Qb7 {[%clk 00:35:07]}
{[%emt 00:01:45]} 22. Qb3 {[%clk 00:58:49]} {[%emt 00:00:40]} Bf6 {[%clk
00:33:02]} {[%emt 00:02:35]} 23. Rac1 {[%clk 00:56:53]} {[%emt 00:02:27]} Rac8
{[%clk 00:33:22]} {[%emt 00:00:11]} 24. Bb4 {[%clk 00:55:20]} {[%emt 00:02:02]}
Rc7 {[%clk 00:26:27]} {[%emt 00:07:25]} 25. Nd2 {[%clk 00:45:06]} {[%emt
00:10:44]} Rfc8 {[%clk 00:25:26]} {[%emt 00:01:31]} 26. Rxc7 {[%clk 00:40:36]}
{[%emt 00:05:00]} Qxc7 {[%clk 00:25:48]} {[%emt 00:00:09]} 27. Ba3 {[%clk
00:40:14]} {[%emt 00:00:52]} Qd7 {[%clk 00:23:29]} {[%emt 00:02:48]} 28. Ne4
{[%clk 00:39:37]} {[%emt 00:01:06]} Be5 {[%clk 00:20:24]} {[%emt 00:03:36]} 29.
Rc1 {[%clk 00:37:29]} {[%emt 00:02:37]} Rxc1+ {[%clk 00:19:49]} {[%emt
00:01:06]} 30. Bxc1 {[%clk 00:37:58]} {[%emt 00:00:01]} Qc7 {[%clk 00:16:23]}
{[%emt 00:03:56]} 31. Be3 {[%clk 00:38:25]} {[%emt 00:00:02]} g6 {[%clk
00:09:26]} {[%emt 00:07:27]} 32. Qa4 {[%clk 00:34:06]} {[%emt 00:04:49]} Kf8
{[%clk 00:09:33]} {[%emt 00:00:23]} 33. g3 {[%clk 00:15:55]} {[%emt 00:18:41]}
Qb7 {[%clk 00:08:34]} {[%emt 00:01:29]} 34. Qb5 {[%clk 00:16:09]} {[%emt
00:00:16]} a6 {[%clk 00:07:26]} {[%emt 00:01:38]} 35. Qc6 {[%clk 00:05:54]}
{[%emt 00:10:44]} Qxc6 {[%clk 00:05:46]} {[%emt 00:02:11]} 36. dxc6 {[%clk
00:06:23]} {[%emt 00:00:01]} d5 {[%clk 00:05:57]} {[%emt 00:00:18]} 37. f4
{[%clk 00:05:50]} {[%emt 00:01:02]} Bc7 {[%clk 00:02:48]} {[%emt 00:03:40]} 38.
Nf6 {[%clk 00:03:02]} {[%emt 00:03:18]} Ke7 {[%clk 00:02:59]} {[%emt 00:00:18]}
39. Nxd5+ {[%clk 00:03:30]} {[%emt 00:00:02]} Kd6 {[%clk 00:03:25]} {[%emt
00:00:05]} 40. Nxb6 {[%clk 00:01:16]} {[%emt 00:02:44]} Kxc6 {[%clk 00:03:18]}
{[%emt 00:00:37]} 41. Nc4 {[%clk 00:00:52]} {[%emt 00:00:53]} Kb5 {[%clk
00:00:32]} {[%emt 00:03:16]} 42. Nd2 {[%clk 00:29:55]} {[%emt 00:01:27]} Kb4
{[%clk 00:25:47]} {[%emt 00:05:15]} 43. Nb1 {[%clk 00:16:05]} {[%emt 00:14:20]}
Kc4 {[%clk 00:24:50]} {[%emt 00:01:27]} 44. Kf2 {[%clk 00:14:23]} {[%emt
00:02:12]} Kd3 {[%clk 00:25:02]} {[%emt 00:00:18]} 45. Nd2 {[%clk 00:12:23]}
{[%emt 00:02:30]} Nh6 {[%clk 00:24:15]} {[%emt 00:01:18]} 46. Kf3 {[%clk
00:11:27]} {[%emt 00:01:26]} Nf5 {[%clk 00:21:22]} {[%emt 00:03:22]} 1/2-1/2

[Event "DEM U16 2024"]
[Site "Willingen GER"]
[Date "2024.05.19"]
[Round "1"]
[White "Sommer, Justus"]
[Black "Oldenburg, Max Leonard"]
[Result "1-0"]
[Termination "normal"]
[Board "11"]
[WhiteElo "2069"]
[BlackElo "1753"]
[WhiteClock "00:57:01"]
[BlackClock "00:45:42"]
[PlyCount "61"]
[WhiteFideId "16245008"]
[BlackFideId "34660348"]
[EventCountry "GER"]
[EventRounds "9"]
[EventType "swiss"]
[EventDate "2024.05.18"]

1. e4 {[%clk 01:30:55]} {[%emt 00:00:03]} c6 {[%clk 01:30:57]} {[%emt
00:00:04]} 2. d4 {[%clk 01:31:16]} {[%emt 00:00:06]} d5 {[%clk 01:31:23]}
{[%emt 00:00:06]} 3. exd5 {[%clk 01:31:33]} {[%emt 00:00:13]} cxd5 {[%clk
01:31:52]} {[%emt 00:00:01]} 4. c4 {[%clk 01:31:52]} {[%emt 00:00:10]} Nf6
{[%clk 01:32:16]} {[%emt 00:00:07]} 5. Nc3 {[%clk 01:32:13]} {[%emt 00:00:08]}
Nc6 {[%clk 01:32:33]} {[%emt 00:00:14]} 6. Nf3 {[%clk 01:32:29]} {[%emt
00:00:13]} Bg4 {[%clk 01:32:31]} {[%emt 00:00:33]} 7. Bg5 {[%clk 01:32:52]}
{[%emt 00:00:07]} Ne4 {[%clk 01:28:50]} {[%emt 00:04:11]} 8. cxd5 {[%clk
01:32:33]} {[%emt 00:00:49]} Nxg5 {[%clk 01:27:54]} {[%emt 00:01:25]} 9. dxc6
{[%clk 01:32:54]} {[%emt 00:00:09]} bxc6 {[%clk 01:27:26]} {[%emt 00:00:58]}
10. Be2 {[%clk 01:32:52]} {[%emt 00:00:30]} Bxf3 {[%clk 01:24:38]} {[%emt
00:03:21]} 11. gxf3 {[%clk 01:24:20]} {[%emt 00:09:00]} e6 {[%clk 01:07:17]}
{[%emt 00:17:52]} 12. h4 {[%clk 01:21:47]} {[%emt 00:03:03]} Qb6 {[%clk
00:59:29]} {[%emt 00:08:19]} 13. Qb3 {[%clk 01:11:01]} {[%emt 00:11:15]} Bb4
{[%clk 00:55:00]} {[%emt 00:05:00]} 14. hxg5 {[%clk 01:09:01]} {[%emt
00:02:29]} O-O {[%clk 00:52:30]} {[%emt 00:03:01]} 15. a3 {[%clk 01:06:52]}
{[%emt 00:02:38]} Bxc3+ {[%clk 00:52:57]} {[%emt 00:00:04]} 16. Qxc3 {[%clk
01:07:13]} {[%emt 00:00:08]} Rfd8 {[%clk 00:52:41]} {[%emt 00:00:47]} 17. O-O-O
{[%clk 01:01:40]} {[%emt 00:06:03]} Rac8 {[%clk 00:51:35]} {[%emt 00:01:36]}
18. Bd3 {[%clk 01:00:34]} {[%emt 00:01:36]} c5 {[%clk 00:50:33]} {[%emt
00:01:33]} 19. d5 {[%clk 00:59:19]} {[%emt 00:01:44]} exd5 {[%clk 00:49:32]}
{[%emt 00:01:32]} 20. Rxh7 {[%clk 00:57:30]} {[%emt 00:02:18]} d4 {[%clk
00:48:59]} {[%emt 00:01:04]} 21. Rdh1 {[%clk 00:57:10]} {[%emt 00:00:49]} Kf8
{[%clk 00:49:10]} {[%emt 00:00:20]} 22. Qc4 {[%clk 00:56:24]} {[%emt 00:01:15]}
Rb8 {[%clk 00:48:29]} {[%emt 00:01:12]} 23. Rh8+ {[%clk 00:56:30]} {[%emt
00:00:24]} Ke7 {[%clk 00:48:52]} {[%emt 00:00:07]} 24. Re1+ {[%clk 00:56:50]}
{[%emt 00:00:09]} Kd6 {[%clk 00:48:39]} {[%emt 00:00:44]} 25. Rxd8+ {[%clk
00:57:12]} {[%emt 00:00:07]} Qxd8 {[%clk 00:48:47]} {[%emt 00:00:22]} 26. Qxf7
{[%clk 00:56:58]} {[%emt 00:00:44]} Qxg5+ {[%clk 00:49:10]} {[%emt 00:00:07]}
27. f4 {[%clk 00:57:23]} {[%emt 00:00:05]} Qh6 {[%clk 00:47:58]} {[%emt
00:01:43]} 28. Bc4 {[%clk 00:57:04]} {[%emt 00:00:48]} Re8 {[%clk 00:45:52]}
{[%emt 00:02:36]} 29. Rxe8 {[%clk 00:56:28]} {[%emt 00:01:07]} Qh1+ {[%clk
00:45:52]} {[%emt 00:00:30]} 30. Kd2 {[%clk 00:56:43]} {[%emt 00:00:14]} Qf3
{[%clk 00:45:42]} {[%emt 00:00:42]} 31. Re6# {[%clk 00:57:01]} {[%emt
00:00:10]} 1-0